000 01117nam0a2200277 4500
001 RU\NLR\bibl\1140668
005 20260406085340.0
010 _a978-5-93556-933-4
_97000
021 _aRU
_b2007-61261
_93272
035 _a(NLR Aleph) 001127529
090 _a1337041
_c1337041
100 _a20071016d2007 |||y0rusy50 ca
101 0 _arus
102 _aRU
105 _aa |||||||||
200 1 _aПовесть о Ладе, или Зачарованная княжна
_eроман
_fСветлана Фортунская
_g[худож. В. Успенская]
210 _aМосква
_cАрмада
_cАЛЬФА-КНИГА
_d2007
215 _a439, [1] с.
_cил.
_d21
225 1 _aСветлана Фортунская с удивительной историей
517 0 _aЗачарованная княжна
700 1 _aФортунская
_bС.
_gСветлана
_4070
702 1 _4440
_8rus
_7ca
_aУспенская
_bВ. Ю.
_cхудожник
_f1964-
_gВера Юрьевна
_3RU\NLR\AUTH\7754853
_937785
801 0 _aRU
_bNLR
_c20071016
_gRCR
801 1 _aRU
_bNLR
_c20071016
942 _cBOOK
980 _aNB